Statistics for Hull City Premier League Players

Click here to take the quiz!

General Stats

  • This quiz has been taken 28 times
  • The average score is 33 of 94

Answer Stats

The Tigers% Correct
Andrew Robertson
89%
Jimmy Bullard
84%
Harry Maguire
84%
Dean Windass
79%
Michael Dawson
68%
Andy Dawson
68%
Allan McGregor
68%
Abel Hernández
68%
Nikica Jelavić
68%
Geovanni
63%
Wayne Brown
63%
Kamil Grosicki
58%
Ahmed Elmohamady
58%
Ian Ashbee
58%
Boaz Myhill
58%
Robert Snodgrass
53%
Jake Livermore
53%
Shane Long
53%
Eldin Jakupović
53%
Curtis Davies
53%
Tom Huddlestone
53%
Mohamed Diamé
53%
Paul McShane
47%
David Marshall
47%
Sone Aluko
47%
Alex Bruce
47%
Jarrod Bowen
47%
James Chester
47%
Nick Barmby
42%
Bryan Hughes
42%
Michael Turner
42%
Caleb Folan
42%
David Meyler
42%
Marlon King
42%
George Boateng
42%
Robbie Brady
42%
Daniel Cousin
37%
Sam Clucas
37%
Stephen Hunt
32%
Bernard Mendy
32%
Will Keane
32%
Liam Rosenior
32%
Manucho
32%
Dean Marney
32%
Stephen Quinn
32%
Jozy Altidore
32%
Jan Vennegoor of Hesselink
32%
Kamil Zayatte
32%
Craig Fagan
32%
Richard Garcia
32%
Matt Duke
26%
Adama Diomandé
26%
Oumar Niasse
26%
Sam Ricketts
26%
Liam Cooper
26%
Ryan Mason
26%
George Boyd
26%
Tom Ince
26%
Danny Graham
26%
Amr Zaki
26%
Ibrahima Sonko
21%
Hatem Ben Arfa
21%
Will Atkinson
21%
Mark Cullen
21%
Tom Cairney
21%
Markus Henriksen
21%
Abdoulaye Faye
21%
Lazar Marković
21%
Robert Koren
21%
Matty Fryatt
21%
Dame N'Doye
16%
Kamel Ghilas
16%
Gedo
16%
Yannick Sagbo
16%
Dieumerci Mbokani
16%
Ryan France
16%
Alfred N'Diaye
16%
Steve Harper
16%
Maynor Figueroa
16%
Evandro
16%
Aaron McLean
16%
Steven Mouyokolo
16%
Stelios Giannakopoulos
11%
Josh Tymon
11%
Kevin Kilbane
11%
Anthony Gardner
11%
Shaun Maloney
11%
Nathan Doyle
11%
Andrea Ranocchia
11%
Nick Proschwitz
11%
Seyi Olofinjana
11%
Gastón Ramírez
5%
Péter Halmosi
5%
Omar Elabdellaoui
5%

Score Distribution

Percentile by Number Answered

Percent of People with Each Score

Your Score History

You have not taken this quiz